| 000 | 00385nam a2200145Ia 4500 | ||
|---|---|---|---|
| 008 | 150201s1990 xx 000 0 und d | ||
| 082 |
_a617.643 _bP1990L |
||
| 100 | _aLINDEN,VANDER | ||
| 245 | _aPROBLEMS & PROCEDURES IN DENTOFACIAL ORTHOPAEDICS | ||
| 250 | _a1ST | ||
| 260 |
_bQUINTESSENCE PUBLICATION _aCHICAGO _c1990 |
||
| 300 | _a1-382 | ||
| 650 | _aORTHODONTICS | ||
| 942 |
_2ddc _cBK |
||
| 999 |
_c4411 _d4411 |
||